• 首页
  • 本馆介绍
  • 公告通知
  • 最新文献
  • 馆藏检索
  • 电子资源
  • 读者导购
  • 参考咨询
  • 我的图书馆
  • 登录
  • 详细信息显示
  • 放入我的书架
  • 预约/预借图书
  • 作者相关作品
  • 分类相关作品
  • 丛书相关作品
  • 出版社相关作品

书目信息

  • 表格格式
  • 工作单格式
  • 卡片格式
题名:
百年清华口述史
    
 
作者: 赵丽明 主编
分册:  
出版信息: 北京   中国文史出版社  2018
页数: 439页
开本: 24cm
丛书名:
单 册:
中图分类: G649.281
科图分类:
主题词: 高等学校--Gao Deng Xue Xiao--校史--北京市
电子资源:
ISBN: 978-7-5205-0306-8
000 00933cam0 2200265 450
001 012001002260
005 20130122150109.0
010    @a978-7-5205-0306-8@dCNY78.00
099    @aCAL 012018192926
100    @a20180925d2018 em y0chiy50 ea
101 0  @achi
102    @aCN@b110000
105    @aac z 000yy
106    @ar
200 1  @a百年清华口述史@Abai nian qing hua kou shu shi@f主编赵丽明
210    @a北京@c中国文史出版社@d2018
215    @a439页@c图, 肖像@d24cm
300    @a百年创业·清的华章
330    @a本书作者以“百年清华人与中华民族振兴”为主题,在清华大学开展口述史访谈活动,访谈对象大多是已退休的清华老教授,也有年过花甲甚至古稀尚且在一线拼搏的学科领军人物。
601 02 @a清华大学@Aqing hua da xue@x校史
606 0  @a高等学校@AGao Deng Xue Xiao@x校史@y北京市
690    @aG649.281@v5
701  0 @a赵丽明@Azhao li ming@4主编
801  0 @aCN@b江苏凤凰@c20191020
905    @b1215325-7@dG649.281@e1175@f3
    
    百年清华口述史/主编赵丽明.-北京:中国文史出版社,2018
    439页:图, 肖像;24cm
    百年创业·清的华章
    
    ISBN 978-7-5205-0306-8:CNY78.00
    本书作者以“百年清华人与中华民族振兴”为主题,在清华大学开展口述史访谈活动,访谈对象大多是已退休的清华老教授,也有年过花甲甚至古稀尚且在一线拼搏的学科领军人物。
●
相关链接 在E读中查询图书 在五车中查询图书 在当当中查询图书 在豆瓣中查询图书


正题名:百年清华口述史     索取号:G649.281/1175         预约/预借

序号 登录号 条形码 馆藏地/架位号 状态 备注
1 1215325   212153257   第一样本阅览室/ [索取号:G649.281/1175] 在馆    
2 1215326   212153266   第四借阅区/ [索取号:G649.281/1175] 在馆    
3 1215327   212153275   教育系资料室/ [索取号:G649.281/1175] 在馆    
唐山师范学院图书馆 欢迎您!
大连网信软件有限公司© 版权所有